| 000 | 00463nam a22001697a 4500 | ||
|---|---|---|---|
| 005 | 20231206003408.0 | ||
| 008 | 231205b |||||||| |||| 00| 0 eng d | ||
| 020 | _a0897580354 | ||
| 082 |
_222 _a305.5. |
||
| 245 |
_aLoaded questions/ _bWomen in the Military. _cTransnational, Amsterdam. |
||
| 250 | _a1st. | ||
| 260 |
_aWashington. _bTransnational Institute, Amsterdam. _c1981. |
||
| 300 | _a97 p. | ||
| 650 | _afeminism. | ||
| 700 |
_aChapkis W. _eedt |
||
| 942 | _cL | ||
| 999 |
_c156 _d156 |
||